| 000 | 00598nam a2200205Ia 4500 | ||
|---|---|---|---|
| 005 | 20250923145432.0 | ||
| 008 | 008 250917s9999 xx 000 0 eng d | ||
| 037 | _aTextual | ||
| 040 |
_aDSWL _beng _cDSWL |
||
| 041 |
_aeng _2eng |
||
| 084 |
_aY:1.2, N62 _qDSWL |
||
| 100 |
_aAyyangar, M.A _9835281 |
||
| 245 | 0 |
_aKamala lectures : Indian culture and religions thought _c by M.A.Ayyangar |
|
| 260 |
_aCalcutta _bUniversity of Calcutta _c1962 |
||
| 300 | _axviii,190 p. | ||
| 365 |
_aINR _b5.4 |
||
| 925 | _g5.4 | ||
| 942 |
_cTEXL _hY:1.2, N62 |
||
| 999 |
_c1451315 _d1451315 |
||